01491nam a22001937a 450000500170000000800410001704000290005804100080008708200120009510000200010724501260012726000640025330000380031750004330035550504340078850600210122265000360124370000180127920240605111319.0240605s1940 ck ||||fr|||| 00| p spa d cSandra YazodSandra Yazo0 aspa04220a8611 aEloy, U. Miguel10aPoesía popular del Norte de Santander. bCoplas y ensaladillas coleccionadascpor Los Hermanos U. Miguel y Rodulfo Eloy aCúcuta (norte de Santander)bImprenta Departamentalc1940 axvii, 290 páginas.c22 x 16 cm. aDetalles físicos: Encuadernación en rústica: tapas de cartulina azul, la delantera, impresa en negro, con datos de la obra. Hoja de cortesía. Portada impresa en una sola tinta. Texto en una sola columna, con diferentes tipos y tamaños de letras. Ejemplar cosido con ganchos. Fe de erratas. Remates decorativos. Tapa delantera con rotura. Papel del lomo, desgarrado. Última página y tapa posterior casi desprendida.0 aNotas preliminares ; PARTE 1 – 3: Retratos y Canciones ; El din de una jornada ; Entre semana ; Mañana me voy ; El campesino también goza ; En contacto con la naturaleza ; Picanza ; En tono festivo -- Formas paralelas ; Paralelismo ; Concatenación ; Triste está mi corazón ; La filosofía popular y las coplas ; A Través de la copla -- El espejo en que me miro ; Una vez que me miraste ; Me gusta el nombre de Rosa aConsulta en sala 7aPoesía colombiana zSantander1 aEloy, Rodolfo